00999cam a2200277 i 4500001000700000003000600007005001700013008004100030010002200071020002400093035002400117035002500141035001100166040000800177050002200185082001500207100004900222240004000271245007800311260006000389300002600449500008100475504002700556650004500583700009300628509000GBCCL20241126110428.0830217r1975 txu b 00010 eng  a 76150227//r82  a0340192321 :c$5.95 a(OCoLC)ocn686931909 a(CStRLIN)CTYT83-B747 a509000 cGBC0 aBV4811b.P46 1976 a242.2bPHI1 aPhillips, J. B.q(John Bertram),d1906-1982.10aThrough the year with J.B. Phillips10a365 meditations by J. B. Phillips for this day /cedited by Denis Duncan.0 aWaco, Tex. :bWord Books,c[1975] c1974, 1976 printing. a255 p., [1] ;c23 cm. aFirst published in London under title: Through the year with J. B. Phillips. aBibliography: p. [256] 0aDevotional calendarsxChurch of England.11aPhillips, J. B.q(John Bertram),d1906-1982.tThrough the year with J. B. Phillips.5796